Cisco IOS : solutions for network protocols
Αποθηκεύτηκε σε:
| Συγγραφή απο Οργανισμό/Αρχή: | |
|---|---|
| Μορφή: | Βιβλίο |
| Γλώσσα: | English |
| Δημοσίευση: |
Indianapolis, IN :
Macmillan Technical Pub.,
c1998
|
| Σειρά: | Cisco IOS reference library
|
| Θέματα: | |
| Ετικέτες: |
Προσθήκη ετικέτας
Δεν υπάρχουν, Καταχωρήστε ετικέτα πρώτοι!
|
MARC
| LEADER | 00000nam a2200000 i 4500 | ||
|---|---|---|---|
| 001 | 1/91160 | ||
| 008 | 991014s1998 eng d | ||
| 020 | |a 1578700507 (v.2) | ||
| 020 | |a 1578700493 (v.1) | ||
| 035 | |l 10053455 | ||
| 040 | |a GR-MY-UA |b gre |e aacr | ||
| 041 | 0 | |a eng | |
| 082 | 0 | |a 004.62 | |
| 245 | 1 | 0 | |a Cisco IOS : |b solutions for network protocols / |c Cisco Systems, Inc. |
| 260 | |a Indianapolis, IN : |b Macmillan Technical Pub., |c c1998 | ||
| 300 | |a 2 v.; |b ill.; |c 24 cm. | ||
| 490 | 1 | |a Cisco IOS reference library | |
| 500 | |a Includes indexes | ||
| 500 | |a Cisco documentation -- cover page | ||
| 505 | 0 | |a V.1. IP -- v. 2. IPX, AppleTalk and more | |
| 650 | 0 | 0 | |a Computer network protocols. |
| 710 | 2 | |a Cisco Systems, Inc. | |
| 830 | 0 | |a Cisco IOS reference library | |
| 852 | |a INST |b SAMOS |e 20000314 |h 004.62 CIS |p 005300016226 |q 005300016226 |t BK |y 0 |z v.1 | ||
| 852 | |a INST |b SAMOS |e 19991014 |h 004.62 CIS |p 005300016868 |q 005300016868 |t BK |y 0 |z v.2 | ||
| 852 | |a INST |b SAMOS |e 20000314 |h 004.62 CIS |p 005300016226 |q 005300016226 |t BK |v v.1: |y 0 |z v.1 | ||
| 852 | |a INST |b SAMOS |e 19991014 |h 004.62 CIS |p 005300016868 |q 005300016868 |t BK |v v.2: |y 0 |z v.2 | ||
| 853 | |a INST |b SAMOS |h 004.62 CIS | ||
| 901 | |a BIBL3-2000-1 | ||
| 901 | |a BIBL3-1999-3 | ||
| 909 | |a Σ |b 068411 | ||
| 909 | |a Σ |b 071294 | ||
| 922 | |a 3ΕΛΗ |b 199909 |c ΤΠΕΣ |d ΠΑΠΑΣΩΤΗΡΙΟΥ | ||
| 922 | |a 3ΕΛΗ |b 199912 |c ΤΠΕΣ |d ΠΑΠΑΣΩΤΗΡΙΟΥ | ||
| 970 | |a ΓΕΝΟΥΖΟΥ |b ΧΡΥΣΑΝΘΗ |z 1999/10/29 | ||